Metody umělé inteligence...

Guardado en:
Detalles Bibliográficos
Formato: Libro
Lenguaje:checo
Publicado: Praha : ČSVTS-FEL-ČVUT, 1984
Etiquetas: Agregar Etiqueta
Sin Etiquetas, Sea el primero en etiquetar este registro!

MARC

LEADER 00000nam a22000003a 4500
001 stu86939
005 20150408175050.3
008 040512s1984----cs------------------cze-d
040 |a STU  |b slo 
041 0 |a cze 
044 |a cs 
245 |a Metody umělé inteligence... 
260 |a Praha :  |b ČSVTS-FEL-ČVUT,  |c 1984 
996 |c I*2966  |l II680  |s A  |a 24  |w stu86939_0001